[Event "11. Europa ch 2010 Femenino"]
[Site "Rijeka CRO"]
[Date "2010.03.14"]
[Round "8.19"]
[White "Zawadzka, Jolanta"]
[Black "Guramishvili, Sopiko"]
[Result "1-0"]
[WhiteElo "2404"]
[BlackElo "2266"]
[PlyCount "87"]
[EventDate "2010.03.06"]
[EventType "swiss"]
[EventRounds "11"]
[EventCountry "CRO"]
[Source "lmi"]
[SourceDate "2010.03.06"]

1. e4 c5 2. Nf3 d6 3. d4 cxd4 4. Nxd4 Nf6 5. Nc3 a6 6. Bg5 Nbd7 7. Bc4 Qb6 8.
Nb3 e6 9. O-O Qc7 10. Qe2 b5 11. Bd3 Bb7 12. f4 Be7 13. Rad1 O-O 14. Kh1 Rfe8
15. a3 Rac8 16. Rf3 h6 17. Bh4 d5 18. e5 Ne4 19. Bxe7 Nxc3 20. Bh7+ Kxh7 21.
Rxc3 Qb6 22. Rxc8 Rxc8 23. Nd4 Re8 24. Bd6 Nf6 25. exf6 Qxd6 26. Qh5 g6 27. Qe5
Rd8 28. Rd3 g5 29. Rh3 Qxe5 30. fxe5 Rc8 31. g4 Rc4 32. Rd3 b4 33. axb4 Rxb4
34. b3 a5 35. c3 Rb6 36. Rd2 a4 37. bxa4 Rb1+ 38. Kg2 Ra1 39. Rb2 Ba6 40. Rb8
Ra2+ 41. Kg1 Rxa4 42. Rf8 Rc4 43. Rxf7+ Kg8 44. Rd7 1-0

[Event "11. Europa ch 2010 Femenino"]
[Site "Rijeka CRO"]
[Date "2010.03.14"]
[Round "8.21"]
[White "Khotenashvili, Bela"]
[Black "Kadziolka, Beata"]
[Result "1-0"]
[WhiteElo "2448"]
[BlackElo "2311"]
[PlyCount "53"]
[EventDate "2010.03.06"]
[EventType "swiss"]
[EventRounds "11"]
[EventCountry "CRO"]
[Source "lmi"]
[SourceDate "2010.03.06"]

1. Nf3 f5 2. c4 Nf6 3. g3 g6 4. b4 Bg7 5. Bb2 c6 6. Bg2 a5 7. b5 d6 8. d4 cxb5
9. cxb5 a4 10. O-O O-O 11. Nc3 Qa5 12. Qd3 Nbd7 13. Ba3 Kh8 14. Ng5 Nb6 15.
Rab1 h6 16. Nf3 g5 17. h4 Ne4 18. Bb4 Qa7 19. hxg5 hxg5 20. Nxe4 fxe4 21. Qxe4
Bf5 22. Qxe7 Bf6 23. Qxd6 Bxb1 24. Rxb1 Rae8 25. Bc5 Nc8 26. Qxf8+ Rxf8 27.
Bxa7 1-0

[Event "11. Europa ch 2010 Femenino"]
[Site "Rijeka CRO"]
[Date "2010.03.14"]
[Round "8.22"]
[White "Foisor, Cristina Adela B"]
[Black "Borosova, Zuzana"]
[Result "0-1"]
[WhiteElo "2433"]
[BlackElo "2307"]
[PlyCount "90"]
[EventDate "2010.03.06"]
[EventType "swiss"]
[EventRounds "11"]
[EventCountry "CRO"]
[Source "lmi"]
[SourceDate "2010.03.06"]

1. Nf3 c5 2. g3 Nc6 3. c4 g6 4. Bg2 Bg7 5. Nc3 e5 6. a3 Nge7 7. d3 d6 8. Rb1 a5
9. O-O O-O 10. Ne1 Be6 11. Nc2 d5 12. cxd5 Nxd5 13. Ne4 b6 14. Ng5 Bc8 15. Ne3
Nxe3 16. Bxe3 Bd7 17. Qd2 Ra7 18. Ne4 Nd4 19. b4 cxb4 20. axb4 a4 21. Bxd4 exd4
22. Rfc1 Qe7 23. h4 Rc8 24. Qg5 Qxg5 25. hxg5 Rxc1+ 26. Rxc1 a3 27. Ra1 Be6 28.
Kf1 a2 29. Ke1 Bf8 30. Nf6+ Kg7 31. Nd5 Rd7 32. Nxb6 Bxb4+ 33. Kf1 Rd6 34. Nd5
Rxd5 35. Rxa2 Rxg5 36. Rb2 Bc3 37. Rb8 Ra5 38. Kg1 Ra1+ 39. Kh2 Be1 40. f4 Bf2
41. Bf3 Rg1 42. Bg2 h5 43. Rb2 Be3 44. Rb5 Re1 45. Bf3 Bg4 0-1

[Event "11. Europa ch 2010 Femenino"]
[Site "Rijeka CRO"]
[Date "2010.03.14"]
[Round "8.23"]
[White "Peng, Zhaoqin"]
[Black "Mammadova, Gulnar"]
[Result "1-0"]
[WhiteElo "2401"]
[BlackElo "2299"]
[PlyCount "89"]
[EventDate "2010.03.06"]
[EventType "swiss"]
[EventRounds "11"]
[EventCountry "CRO"]
[Source "lmi"]
[SourceDate "2010.03.06"]

1. d4 g6 2. c4 Bg7 3. e4 d6 4. Nf3 Bg4 5. Be2 Nc6 6. Be3 e5 7. d5 Bxf3 8. Bxf3
Nd4 9. Bxd4 exd4 10. O-O Ne7 11. Nd2 c5 12. b4 b6 13. Rb1 O-O 14. Be2 f5 15.
exf5 Nxf5 16. Bd3 Qh4 17. bxc5 dxc5 18. Nf3 Qf6 19. Qc2 Nd6 20. a4 Kh8 21. Rfe1
Rae8 22. h3 Nb7 23. Qd2 Nd6 24. h4 h6 25. Qc2 g5 26. hxg5 hxg5 27. Nh2 Nf7 28.
Rxe8 Rxe8 29. Qd1 Re7 30. a5 Kg8 31. axb6 axb6 32. Ng4 Qd6 33. g3 Qd8 34. Kg2
Nd6 35. Qh1 Kf8 36. Qh7 Nf7 37. Qg6 Rb7 38. Bf5 Ne5 39. Nxe5 Bxe5 40. Be6 Rg7
41. Qe4 Bf6 42. Rh1 Rc7 43. Qf5 Ke7 44. Rh6 Bg7 45. Qf7+ 1-0

[Event "11. Europa ch 2010 Femenino"]
[Site "Rijeka CRO"]
[Date "2010.03.14"]
[Round "8.24"]
[White "Schneider, Veronika"]
[Black "Milliet, Sophie"]
[Result "1-0"]
[WhiteElo "2314"]
[BlackElo "2391"]
[PlyCount "63"]
[EventDate "2010.03.06"]
[EventType "swiss"]
[EventRounds "11"]
[EventCountry "CRO"]
[Source "lmi"]
[SourceDate "2010.03.06"]

1. e4 e5 2. Nf3 Nf6 3. Nxe5 d6 4. Nf3 Nxe4 5. Nc3 Nxc3 6. dxc3 Be7 7. Be3 O-O
8. Qd2 Nc6 9. O-O-O Ne5 10. h4 Re8 11. Nxe5 dxe5 12. Bd3 c6 13. Qe2 Qa5 14. Kb1
Be6 15. c4 Qc7 16. g4 Rab8 17. Bd2 b5 18. cxb5 Bd5 19. f3 cxb5 20. Bxh7+ Kxh7
21. Qd3+ Kg8 22. Qxd5 Red8 23. Qb3 Rd4 24. Bc3 Rxd1+ 25. Rxd1 Bxh4 26. a3 a6
27. Rh1 Bg5 28. Qd5 Bf4 29. Qe4 Qb7 30. Qh7+ Kf8 31. Bb4+ Ke8 32. Qg8+ 1-0

[Event "11. Europa ch 2010 Femenino"]
[Site "Rijeka CRO"]
[Date "2010.03.14"]
[Round "8.25"]
[White "Purtseladze, Maka"]
[Black "Zdebskaja, Natalia"]
[Result "1-0"]
[WhiteElo "2299"]
[BlackElo "2390"]
[PlyCount "73"]
[EventDate "2010.03.06"]
[EventType "swiss"]
[EventRounds "11"]
[EventCountry "CRO"]
[Source "lmi"]
[SourceDate "2010.03.06"]

1. Nf3 Nf6 2. c4 e6 3. g3 d5 4. b3 Be7 5. Bg2 O-O 6. Bb2 b6 7. O-O Bb7 8. e3
Nbd7 9. Nc3 c5 10. d3 Rc8 11. Qe2 Qc7 12. Ne1 Qb8 13. f4 Qa8 14. g4 Rfd8 15. e4
d4 16. Nd1 e5 17. g5 Ne8 18. Bc1 exf4 19. Bxf4 Nc7 20. Bh3 Ne6 21. g6 Nxf4 22.
gxf7+ Kf8 23. Rxf4 Rc6 24. Bxd7 Rxd7 25. Ng2 Qb8 26. Nf2 Rg6 27. Rg4 Rh6 28. h3
Bd6 29. Rxg7 Kxg7 30. Qg4+ Rg6 31. Qxd7 Bc8 32. Qe8 Bf8 33. Ng4 h5 34. Ne5
Rxg2+ 35. Kxg2 Qd6 36. Qxc8 Qxe5 37. Qf5 1-0

[Event "11. Europa ch 2010 Femenino"]
[Site "Rijeka CRO"]
[Date "2010.03.14"]
[Round "8.26"]
[White "Kovanova, Baira"]
[Black "Calzetta Ruiz, Monica"]
[Result "1-0"]
[WhiteElo "2385"]
[BlackElo "2296"]
[PlyCount "74"]
[EventDate "2010.03.06"]
[EventType "swiss"]
[EventRounds "11"]
[EventCountry "CRO"]
[Source "lmi"]
[SourceDate "2010.03.06"]

1. e4 c5 2. Nf3 g6 3. g3 Bg7 4. Bg2 Nc6 5. O-O d6 6. d3 Nf6 7. h3 O-O 8. Nc3
Rb8 9. Be3 e5 10. Nh4 b5 11. Qd2 b4 12. Ne2 Ne8 13. c3 bxc3 14. bxc3 Nc7 15. f4
exf4 16. Bxf4 Ne6 17. Be3 Ba6 18. Nf5 gxf5 19. exf5 Ne5 20. fxe6 fxe6 21. Nf4
Qe8 22. Rae1 Bb7 23. Kh2 Bxg2 24. Qxg2 Ng6 25. d4 Nxf4 26. gxf4 Kh8 27. dxc5
Bxc3 28. cxd6 Rg8 29. Qe4 Rb4 30. Qd3 Qc6 31. Re2 Rb2 32. Rxb2 Bxb2 33. Rf2 Bf6
34. Bd4 Bxd4 35. Qxd4+ Rg7 36. Rb2 Kg8 37. Qe5 Rg6 1-0

[Event "11. Europa ch 2010 Femenino"]
[Site "Rijeka CRO"]
[Date "2010.03.14"]
[Round "8.27"]
[White "Vojinovic, Jovana"]
[Black "Bodnaruk, Anastasia"]
[Result "0-1"]
[WhiteElo "2296"]
[BlackElo "2384"]
[PlyCount "38"]
[EventDate "2010.03.06"]
[EventType "swiss"]
[EventRounds "11"]
[EventCountry "CRO"]
[Source "lmi"]
[SourceDate "2010.03.06"]

1. Nf3 Nf6 2. g3 g6 3. b3 Bg7 4. Bb2 O-O 5. Bg2 d6 6. d4 Nbd7 7. O-O e5 8. dxe5
Ng4 9. Qd2 Ngxe5 10. Nxe5 Nxe5 11. c4 f5 12. e3 h5 13. h4 Re8 14. Nc3 Rb8 15.
Rad1 Be6 16. Nd5 b5 17. Nc3 bxc4 18. f4 Rb4 19. Rfe1 Nd3 0-1

[Event "11. Europa ch 2010 Femenino"]
[Site "Rijeka CRO"]
[Date "2010.03.14"]
[Round "8.28"]
[White "Girya, Olga"]
[Black "Arabidze, Meri"]
[Result "1-0"]
[WhiteElo "2362"]
[BlackElo "2292"]
[PlyCount "93"]
[EventDate "2010.03.06"]
[EventType "swiss"]
[EventRounds "11"]
[EventCountry "CRO"]
[Source "lmi"]
[SourceDate "2010.03.06"]

1. d4 Nf6 2. Nf3 e6 3. Bg5 c5 4. e3 Be7 5. Bd3 b6 6. O-O Bb7 7. Nbd2 d6 8. c3
Nbd7 9. Qe2 h6 10. Bxf6 Bxf6 11. a4 a6 12. Rfd1 O-O 13. Ne4 Be7 14. Ng3 Qc7 15.
h3 Rfc8 16. e4 Bf8 17. h4 e5 18. dxe5 dxe5 19. Bc4 Nf6 20. h5 Rd8 21. b3 Rxd1+
22. Rxd1 Bc8 23. Nh2 Nh7 24. Nhf1 Be7 25. Ne3 Bg5 26. Nd5 Qb7 27. Nf5 Be6 28.
Qd3 Kh8 29. Qg3 Bxf5 30. exf5 b5 31. axb5 axb5 32. Be2 Qb8 33. Qd3 b4 34. cxb4
cxb4 35. Qc4 Ra2 36. Nxb4 Rb2 37. Na6 Qf8 38. b4 Nf6 39. Bf3 Kh7 40. b5 Qe7 41.
Nc5 Qa7 42. Nd3 Rd2 43. Rxd2 Bxd2 44. g3 Be3 45. Bd5 Nxd5 46. Qxd5 Qd4 47. Qg2
1-0

[Event "11. Europa ch 2010 Femenino"]
[Site "Rijeka CRO"]
[Date "2010.03.14"]
[Round "8.29"]
[White "Dolzhikova, Kateryna"]
[Black "Dworakowska, Joanna"]
[Result "1-0"]
[WhiteElo "2290"]
[BlackElo "2356"]
[PlyCount "110"]
[EventDate "2010.03.06"]
[EventType "swiss"]
[EventRounds "11"]
[EventCountry "CRO"]
[Source "lmi"]
[SourceDate "2010.03.06"]

1. e4 c5 2. Nf3 d6 3. d4 cxd4 4. Qxd4 Bd7 5. c4 Nc6 6. Qd2 g6 7. b3 Bg7 8. Nc3
Qa5 9. Bb2 Nf6 10. Nd5 Qxd2+ 11. Nxd2 O-O-O 12. Nxf6 Bxf6 13. Bxf6 exf6 14.
O-O-O f5 15. f4 Be6 16. exf5 Bxf5 17. Nf3 Bg4 18. Be2 Rhe8 19. Bd3 d5 20. Rhe1
Rxe1 21. Rxe1 Nb4 22. Bb1 Bxf3 23. gxf3 dxc4 24. bxc4 Nd3+ 25. Bxd3 Rxd3 26.
Re7 Rd7 27. Re8+ Kc7 28. Kc2 Kd6 29. Kc3 Re7 30. Rd8+ Ke6 31. Rd5 Kf6 32. Kd2
Re6 33. Rb5 Rb6 34. Rxb6+ axb6 35. Kc3 Kf5 36. Kb4 Kxf4 37. Kb5 Kxf3 38. Kxb6
Ke4 39. Kxb7 Kd4 40. Kb6 f5 41. c5 f4 42. c6 f3 43. c7 f2 44. c8=Q f1=Q 45.
Qc5+ Ke4 46. a4 Qb1+ 47. Kc6 Qb8 48. a5 Qc8+ 49. Kb5 Qb7+ 50. Kc4 Qa6+ 51. Kb4
Kf3 52. Qb6 Qe2 53. Qc6+ Kf2 54. a6 Qb2+ 55. Kc5 Qe5+ 1-0

[Event "11. Europa ch 2010 Femenino"]
[Site "Rijeka CRO"]
[Date "2010.03.14"]
[Round "8.30"]
[White "Melnikova, Yana"]
[Black "Motoc, Alina"]
[Result "1-0"]
[WhiteElo "2272"]
[BlackElo "2348"]
[PlyCount "109"]
[EventDate "2010.03.06"]
[EventType "swiss"]
[EventRounds "11"]
[EventCountry "CRO"]
[Source "lmi"]
[SourceDate "2010.03.06"]

1. e4 c5 2. Nf3 d6 3. d4 cxd4 4. Nxd4 Nf6 5. Nc3 a6 6. Be3 e5 7. Nb3 Be6 8. f3
Nbd7 9. g4 b5 10. g5 b4 11. Ne2 Nh5 12. Qd2 a5 13. Ng3 Nxg3 14. hxg3 a4 15. Nc1
Qa5 16. f4 g6 17. Bg2 Bg7 18. f5 gxf5 19. exf5 Bxf5 20. O-O e4 21. Qxd6 Be5 22.
Qc6 Ra6 23. Qb7 Be6 24. Qxe4 Bxb2 25. Rb1 Nc5 26. Qf4 a3 27. Nb3 Nxb3 28. Qb8+
Ke7 29. Qb7+ Kf8 30. cxb3 Rd6 31. Rf4 Qe5 32. Re4 Qd5 33. Qxb4 Kg7 34. Bc5 Rd7
35. Kh2 Rc8 36. Rc4 Qd3 37. Rbc1 Bxc4 38. Rxc4 Re8 39. Rh4 Qd2 40. Qg4 Qc2 41.
Qxd7 Re2 42. Bd4+ Bxd4 43. Qxd4+ Kg8 44. Qd5 Rd2 45. Qa8+ Kg7 46. Rc4 Qd1 47.
Rh4 Qc2 48. g6 Qxg6 49. Qf3 Qc2 50. Rg4+ Kf8 51. Qa8+ Ke7 52. Qxa3+ Ke6 53.
Qa6+ Ke5 54. Qb5+ Kd6 55. Qb4+ 1-0

[Event "11. Europa ch 2010 Femenino"]
[Site "Rijeka CRO"]
[Date "2010.03.14"]
[Round "8.31"]
[White "Mamedjarova, Turkan"]
[Black "Gvetadze, Sopio"]
[Result "0-1"]
[WhiteElo "2269"]
[BlackElo "2342"]
[PlyCount "48"]
[EventDate "2010.03.06"]
[EventType "swiss"]
[EventRounds "11"]
[EventCountry "CRO"]
[Source "lmi"]
[SourceDate "2010.03.06"]

1. d4 d5 2. c4 e6 3. Nc3 g6 4. Bf4 a6 5. Nf3 Bg7 6. e3 Ne7 7. c5 O-O 8. h4 Nbc6
9. h5 b6 10. cxb6 cxb6 11. Bd3 b5 12. Rc1 Bd7 13. Ne5 Nxe5 14. dxe5 Nc6 15.
hxg6 hxg6 16. Qg4 Nxe5 17. Bxe5 Bxe5 18. Bxg6 fxg6 19. Qxg6+ Bg7 20. Qh7+ Kf7
21. Rh3 Qg5 22. Rf3+ Ke8 23. Rg3 Bxc3+ 24. Rxc3 Qf5 0-1

[Event "11. Europa ch 2010 Femenino"]
[Site "Rijeka CRO"]
[Date "2010.03.14"]
[Round "8.32"]
[White "Sikorova, Olga"]
[Black "Sedina, Elena"]
[Result "0-1"]
[WhiteElo "2256"]
[BlackElo "2334"]
[PlyCount "102"]
[EventDate "2010.03.06"]
[EventType "swiss"]
[EventRounds "11"]
[EventCountry "CRO"]
[Source "lmi"]
[SourceDate "2010.03.06"]

1. e4 e6 2. d4 d5 3. exd5 exd5 4. Nf3 Bd6 5. h3 Nc6 6. Bd3 Nge7 7. c3 Bf5 8.
Be3 O-O 9. O-O Qd7 10. Re1 Bxd3 11. Qxd3 a6 12. Nbd2 Rae8 13. Nf1 Ng6 14. Bd2
f5 15. Rxe8 Rxe8 16. Re1 Re4 17. Ne3 Bf4 18. Nf1 h6 19. Bxf4 Nxf4 20. Qd2 Ng6
21. Ng3 Rxe1+ 22. Nxe1 f4 23. Ne2 Qf5 24. Qd3 Qf7 25. Qf3 Nd8 26. Nd3 Ne6 27.
Qxd5 c6 28. Qh5 Nef8 29. a3 Qb3 30. Nec1 Qe6 31. Qe2 Qf6 32. Nc5 Nh4 33. f3 Qg6
34. N1d3 b6 35. Ne4 Ne6 36. Ne5 Qe8 37. Qc4 c5 38. dxc5 b5 39. Qd5 Kh8 40. Nd6
Qe7 41. c6 Qa7+ 42. Kf1 Qe3 43. Ndf7+ Kg8 44. Qd1 Nf5 45. g4 fxg3 46. Ng4 Qc5
47. b4 Ne3+ 48. Nxe3 Qxe3 49. Qc2 Qxf3+ 50. Kg1 Kxf7 51. c4 Nd4 0-1

[Event "11. Europa ch 2010 Femenino"]
[Site "Rijeka CRO"]
[Date "2010.03.14"]
[Round "8.33"]
[White "Mrvova, Alena"]
[Black "Chelushkina, Irina"]
[Result "0-1"]
[WhiteElo "2239"]
[BlackElo "2319"]
[PlyCount "104"]
[EventDate "2010.03.06"]
[EventType "swiss"]
[EventRounds "11"]
[EventCountry "CRO"]
[Source "lmi"]
[SourceDate "2010.03.06"]

1. e4 e6 2. d4 d5 3. Nd2 c5 4. Ngf3 Nc6 5. exd5 exd5 6. dxc5 Bxc5 7. Nb3 Bb6 8.
Be2 Nf6 9. O-O O-O 10. Nfd4 Ne4 11. Be3 Ne5 12. f3 Nd6 13. Bf2 Ng6 14. Qc1 Qf6
15. Re1 Bd7 16. c3 Rfe8 17. Bf1 Rxe1 18. Bxe1 a5 19. a4 Nc4 20. Bf2 Re8 21. g3
Nge5 22. Kg2 h5 23. h4 Ng6 24. Bd3 Nge5 25. Bc2 g6 26. Ra2 Nxf3 27. Nxf3 Re2
28. Nbd4 Bxd4 29. cxd4 Bg4 30. Qf4 Qxf4 31. gxf4 Rxc2 32. Ne5 Nd2 33. Kg1 Ne4
34. Be1 b6 35. Nd3 Be2 36. Nf2 Nd6 37. Bc3 Nf5 38. Ra1 Nxh4 39. Kh2 Nf5 40. Re1
f6 41. Kg1 Kf7 42. Nh1 h4 43. Nf2 g5 44. fxg5 fxg5 45. Nh3 Kg6 46. Kg2 Bg4+ 47.
Nf2 Be2 48. Nh3 Ng3 49. Kg1 Kf5 50. Nf2 g4 51. Nh1 Nxh1 52. Kxh1 g3 0-1

[Event "11. Europa ch 2010 Femenino"]
[Site "Rijeka CRO"]
[Date "2010.03.14"]
[Round "8.34"]
[White "Gromova, Iulia"]
[Black "Manakova, Maria"]
[Result "0-1"]
[WhiteElo "2226"]
[BlackElo "2315"]
[PlyCount "66"]
[EventDate "2010.03.06"]
[EventType "swiss"]
[EventRounds "11"]
[EventCountry "CRO"]
[Source "lmi"]
[SourceDate "2010.03.06"]

1. d4 Nf6 2. c4 g6 3. f3 d5 4. cxd5 Nxd5 5. e4 Nb6 6. Nc3 Bg7 7. Be3 Nc6 8. Qd2
Nxd4 9. O-O-O e5 10. Nge2 Nc4 11. Qd3 Nxe3 12. Qxe3 O-O 13. h4 Be6 14. Kb1 c6
15. h5 Qa5 16. Nc1 b5 17. hxg6 fxg6 18. Bd3 b4 19. N3e2 c5 20. Qg5 Qd8 21. Qg3
c4 22. Bc2 Qe7 23. Rh2 Bf7 24. Rdh1 h6 25. Rxh6 Bxh6 26. Rxh6 Kg7 27. Rh5 Nxe2
28. Nxe2 Rh8 29. Rxe5 Rh1+ 30. Nc1 Qd6 31. Qf4 Re8 32. Rf5 Qxf4 33. Rxf4 b3 0-1

[Event "11. Europa ch 2010 Femenino"]
[Site "Rijeka CRO"]
[Date "2010.03.14"]
[Round "8.36"]
[White "Paehtz, Elisabeth"]
[Black "Butuc, Maria"]
[Result "1-0"]
[WhiteElo "2486"]
[BlackElo "2194"]
[PlyCount "59"]
[EventDate "2010.03.06"]
[EventType "swiss"]
[EventRounds "11"]
[EventCountry "CRO"]
[Source "lmi"]
[SourceDate "2010.03.06"]

1. e4 c6 2. Nf3 d5 3. exd5 cxd5 4. Ne5 Nf6 5. d4 Nc6 6. c3 e6 7. Bb5 Bd7 8.
Nxd7 Qxd7 9. Nd2 Bd6 10. O-O O-O 11. Re1 a6 12. Bf1 Qc7 13. g3 b5 14. a3 Rab8
15. Nf3 Rfc8 16. Bd3 h6 17. Qe2 Na5 18. Bc2 Qc4 19. Qd1 Qc7 20. Ne5 Nc4 21. Ng4
Nd7 22. Nxh6+ Kf8 23. Ng4 Qc6 24. Qd3 Nf6 25. Nxf6 gxf6 26. Qh7 Qd7 27. Bg6 Ke8
28. Qg8+ Bf8 29. Bxf7+ Qxf7 30. Rxe6+ 1-0

[Event "11. Europa ch 2010 Femenino"]
[Site "Rijeka CRO"]
[Date "2010.03.14"]
[Round "8.37"]
[White "Vasilevich, Tatjana"]
[Black "Semenova, Irina"]
[Result "1-0"]
[WhiteElo "2414"]
[BlackElo "2272"]
[PlyCount "83"]
[EventDate "2010.03.06"]
[EventType "swiss"]
[EventRounds "11"]
[EventCountry "CRO"]
[Source "lmi"]
[SourceDate "2010.03.06"]

1. d4 Nf6 2. c4 g6 3. Nc3 Bg7 4. e4 d6 5. f3 O-O 6. Bg5 Na6 7. Nge2 e5 8. Qd2
c6 9. O-O-O Qc7 10. Kb1 Rb8 11. g4 Be6 12. d5 cxd5 13. Nb5 Qb6 14. exd5 Bd7 15.
Be3 Qd8 16. Nec3 Ne8 17. Bxa7 Ra8 18. Be3 f5 19. h3 Nac7 20. Be2 Nxb5 21. Nxb5
Rf7 22. Rc1 Ra4 23. Nc3 Ra8 24. Nb5 Ra5 25. Qb4 Ra6 26. a3 Kh8 27. Ka2 h6 28.
Rc2 Kh7 29. Rd1 Qa8 30. b3 Bf8 31. a4 b6 32. Kb1 Bc8 33. Ra2 Be7 34. Qd2 Bf8
35. Nc3 Qb8 36. Bd3 Ra8 37. Rg1 Qc7 38. h4 e4 39. gxf5 gxf5 40. fxe4 Qd8 41.
exf5 Qxh4 42. Qg2 1-0

[Event "11. Europa ch 2010 Femenino"]
[Site "Rijeka CRO"]
[Date "2010.03.14"]
[Round "8.38"]
[White "Papp, Petra"]
[Black "Lomineishvili, Maia"]
[Result "1-0"]
[WhiteElo "2263"]
[BlackElo "2385"]
[PlyCount "35"]
[EventDate "2010.03.06"]
[EventType "swiss"]
[EventRounds "11"]
[EventCountry "CRO"]
[Source "lmi"]
[SourceDate "2010.03.06"]

1. e4 c5 2. Nf3 d6 3. d4 cxd4 4. Nxd4 Nf6 5. Nc3 Nc6 6. Bg5 Bd7 7. Qd2 Rc8 8.
f4 Nxd4 9. Qxd4 Qa5 10. e5 dxe5 11. fxe5 e6 12. O-O-O Bc6 13. Bb5 Bxb5 14. exf6
Bc5 15. Nxb5 Qxb5 16. Qd8+ Rxd8 17. Rxd8+ Kxd8 18. fxg7+ 1-0

[Event "11. Europa ch 2010 Femenino"]
[Site "Rijeka CRO"]
[Date "2010.03.14"]
[Round "8.39"]
[White "Bojkovic, Natasa"]
[Black "Tarasova, Viktoriya"]
[Result "1/2-1/2"]
[WhiteElo "2384"]
[BlackElo "2261"]
[PlyCount "62"]
[EventDate "2010.03.06"]
[EventType "swiss"]
[EventRounds "11"]
[EventCountry "CRO"]
[Source "lmi"]
[SourceDate "2010.03.06"]

1. e4 c5 2. Nf3 e6 3. c3 d5 4. exd5 Qxd5 5. d4 Nf6 6. Bd3 b6 7. O-O Be7 8. dxc5
bxc5 9. Qe2 O-O 10. Bg5 Bb7 11. Na3 h6 12. Bxf6 Bxf6 13. Rad1 Qc6 14. Nc4 Qc7
15. Bb1 g6 16. Be4 Bxe4 17. Qxe4 Nd7 18. Rd6 Rac8 19. Rfd1 Rfd8 20. h4 Nb6 21.
R6d3 Rxd3 22. Rxd3 Rd8 23. Ne3 Rxd3 24. Qxd3 Qd7 25. Qxd7 Nxd7 26. g3 Kf8 27.
Kf1 Ke7 28. Ke2 Kd6 29. Kd3 Bg7 30. Nd2 Kc6 31. Kc4 f5 1/2-1/2

[Event "11. Europa ch 2010 Femenino"]
[Site "Rijeka CRO"]
[Date "2010.03.14"]
[Round "8.40"]
[White "Cherednichenko, Svetlana"]
[Black "Przezdziecka, Marta"]
[Result "0-1"]
[WhiteElo "2337"]
[BlackElo "2254"]
[PlyCount "92"]
[EventDate "2010.03.06"]
[EventType "swiss"]
[EventRounds "11"]
[EventCountry "CRO"]
[Source "lmi"]
[SourceDate "2010.03.06"]

1. d4 Nf6 2. Nf3 c5 3. d5 b5 4. b3 Qa5+ 5. Bd2 Qb6 6. c4 b4 7. Qc2 g6 8. Bc1
Bg7 9. Bb2 O-O 10. e4 d6 11. Bd3 a5 12. Nbd2 a4 13. bxa4 Bd7 14. O-O Bxa4 15.
Nb3 Nbd7 16. Ng5 Bh6 17. h4 Bg7 18. f4 h6 19. Nxf7 Rxf7 20. e5 Nxd5 21. e6 Rxf4
22. Bxg6 Ne5 23. Rxf4 Nxf4 24. Bf7+ Kh8 25. Qe4 Nh3+ 26. gxh3 Qc6 27. Qf4 Qf3
28. Rf1 Qxf4 29. Rxf4 Bc6 30. Bxe5 Bxe5 31. Rf2 Bg3 32. Re2 Bxh4 33. Kh2 Bf6
34. Kg3 Kg7 35. Kg4 Bc3 36. h4 Kf6 37. h5 Kg7 38. Kf5 Bf6 39. Rf2 Bg5 40. Bg6
Rf8+ 41. Bf7 Be8 42. Ke4 Bxf7 43. exf7 Rxf7 44. Rg2 e6 45. Na5 Rf4+ 46. Kd3
Rf3+ 0-1

[Event "11. Europa ch 2010 Femenino"]
[Site "Rijeka CRO"]
[Date "2010.03.14"]
[Round "8.43"]
[White "Paulet, Iosefina"]
[Black "Worek, Joanna"]
[Result "0-1"]
[WhiteElo "2303"]
[BlackElo "2245"]
[PlyCount "69"]
[EventDate "2010.03.06"]
[EventType "swiss"]
[EventRounds "11"]
[EventCountry "CRO"]
[Source "lmi"]
[SourceDate "2010.03.06"]

1. e4 c5 2. Nf3 d6 3. d4 cxd4 4. Nxd4 Nf6 5. Nc3 e6 6. Bc4 a6 7. Bb3 Nbd7 8.
Bg5 Nc5 9. f4 Be7 10. Qf3 Nxb3 11. axb3 O-O 12. O-O-O Qc7 13. Rhe1 b5 14. e5
Bb7 15. Qh3 dxe5 16. fxe5 Nd5 17. Bxe7 Qxe7 18. Nxd5 Bxd5 19. Re3 Rfd8 20. Qg4
b4 21. Ne2 Rac8 22. Nf4 Rxc2+ 23. Kb1 Rf2 24. Rc1 f5 25. Qg3 Rd2 26. Nxd5 R8xd5
27. Qf3 h6 28. h3 Qh4 29. Re2 Qd4 30. Rxd2 Qxd2 31. g4 Rxe5 32. Qa8+ Kh7 33.
Qxa6 Re2 34. Qa2 f4 35. Ka1 0-1

[Event "11. Europa ch 2010 Femenino"]
[Site "Rijeka CRO"]
[Date "2010.03.14"]
[Round "8.44"]
[White "Dolukhanova, Evgeniya"]
[Black "Isgandarova, Khayala"]
[Result "1-0"]
[WhiteElo "2297"]
[BlackElo "2224"]
[PlyCount "65"]
[EventDate "2010.03.06"]
[EventType "swiss"]
[EventRounds "11"]
[EventCountry "CRO"]
[Source "lmi"]
[SourceDate "2010.03.06"]

1. b3 e5 2. Bb2 d6 3. e3 Nf6 4. d4 exd4 5. Bxd4 d5 6. Nf3 Bd6 7. c4 dxc4 8.
Bxc4 Nc6 9. Bc3 O-O 10. O-O Ne4 11. Bb2 Bg4 12. Be2 Qe7 13. Nd4 Bxe2 14. Qxe2
Nxd4 15. Bxd4 Be5 16. Bxe5 Qxe5 17. Na3 Rad8 18. Nc4 Qe7 19. Rac1 a6 20. f3 Nd6
21. e4 Nxc4 22. Qxc4 Rd2 23. Qxc7 Qg5 24. Rf2 Qe3 25. Rcf1 b6 26. g4 Rxa2 27.
Qc6 b5 28. Qd5 Rb2 29. Qb7 Rxb3 30. Qxa6 h6 31. Kg2 Qf4 32. Qa2 Rd3 33. Qa5 1-0

[Event "11. Europa ch 2010 Femenino"]
[Site "Rijeka CRO"]
[Date "2010.03.14"]
[Round "8.46"]
[White "Abdulla, Khayala Mardan Qizi"]
[Black "Kostiuk, Tatiana"]
[Result "0-1"]
[WhiteElo "2141"]
[BlackElo "2294"]
[PlyCount "128"]
[EventDate "2010.03.06"]
[EventType "swiss"]
[EventRounds "11"]
[EventCountry "CRO"]
[Source "lmi"]
[SourceDate "2010.03.06"]

1. e4 e5 2. Nf3 Nc6 3. Bb5 a6 4. Ba4 Nf6 5. d3 b5 6. Bb3 Be7 7. O-O O-O 8. Re1
d6 9. c3 Na5 10. Bc2 c5 11. Nbd2 Re8 12. Nf1 Nc6 13. Ng3 h6 14. h3 Bf8 15. Nh4
g6 16. Qe2 Be6 17. Nf3 d5 18. exd5 Nxd5 19. Qd1 Bg7 20. Be3 Nxe3 21. Rxe3 f5
22. Re1 Qf6 23. Nd2 Rad8 24. Qe2 Qf7 25. a3 Rd6 26. Ngf1 Red8 27. Qe3 c4 28.
dxc4 bxc4 29. Rad1 e4 30. f3 f4 31. Qc5 e3 32. Ne4 Rxd1 33. Bxd1 Ne5 34. Qb6
Qe7 35. Be2 Bf7 36. Qxa6 Rb8 37. Rb1 Qb7 38. Qxb7 Rxb7 39. Nd6 Rb6 40. Nxf7
Kxf7 41. a4 Nd3 42. a5 Ra6 43. b3 Rxa5 44. bxc4 Nc5 45. Nh2 Bxc3 46. Rc1 Bg7
47. Kf1 Nb3 48. Rd1 Nd4 49. Re1 Ra2 50. c5 Rc2 51. Bd3 Rxc5 52. Rb1 Rc7 53. Kg1
g5 54. Ng4 h5 55. Nh2 Ra7 56. Bc4+ Ke7 57. Nf1 Nf5 58. Bd3 Bd4 59. Kh2 Ra1 60.
Rb7+ Kf6 61. Rb5 Be5 62. Rb6+ Bd6 63. Ra6 Rxa6 64. Bxa6 Nd4 0-1

[Event "11. Europa ch 2010 Femenino"]
[Site "Rijeka CRO"]
[Date "2010.03.14"]
[Round "8.47"]
[White "Pavlidou, Ekaterini"]
[Black "Mamedjarova, Zeinab"]
[Result "0-1"]
[WhiteElo "2135"]
[BlackElo "2289"]
[PlyCount "72"]
[EventDate "2010.03.06"]
[EventType "swiss"]
[EventRounds "11"]
[EventCountry "CRO"]
[Source "lmi"]
[SourceDate "2010.03.06"]

1. d4 f5 2. g3 g6 3. Bg2 Nf6 4. Nf3 Bg7 5. O-O O-O 6. b3 Ne4 7. Bb2 d6 8. Nbd2
c6 9. c4 Na6 10. a3 Bd7 11. Qc2 Nxd2 12. Qxd2 Qe8 13. b4 Nc7 14. Rfd1 Qf7 15.
d5 Bxb2 16. Qxb2 cxd5 17. cxd5 Qg7 18. Qb3 Nb5 19. Rdc1 Rac8 20. e3 Rc7 21. a4
Rfc8 22. Re1 Nc3 23. Nd4 Qe5 24. b5 Ne4 25. f4 Qf6 26. Bxe4 fxe4 27. Qb2 Qf7
28. Rad1 Qxd5 29. Nc6 Qe6 30. Nxa7 Rc2 31. f5 Qxf5 32. Rd2 Rxb2 33. Nxc8 Qe5
34. Nxe7+ Kg7 35. Rxb2 Qxb2 36. Rd1 Bh3 0-1